|
|
|
|
| LEADER |
01357nam a22003137a 4500 |
| 001 |
32992 |
| 003 |
BD-DhAAL |
| 005 |
20190718160957.0 |
| 008 |
180412t2011 bg a|||| |||| 00| f ben d |
| 999 |
|
|
|c 39239
|d 39239
|
| 020 |
|
|
|a 9789842001451(vol. 12)
|
| 020 |
|
|
|a 9789842001468(set)
|
| 040 |
|
|
|a BD-DhAAL
|
| 041 |
|
|
|a BEN
|
| 082 |
|
|
|2 22
|a 891.44371
|
| 100 |
|
|
|a বন্দোপাধ্যায়, মানিক
|9 25499
|
| 245 |
|
|
|a পদ্মানদীর মাঝি /
|c মানিক বন্দোপাধ্যায়, আনিসুজ্জামান সম্পাদিত
|
| 250 |
|
|
|a দ্বিতীয় মুদ্রণ
|
| 260 |
|
|
|a ঢাকা :
|b অ্যাডর্ন পাবলিকেশন,
|c ২০১১
|
| 300 |
|
|
|a ৬০৭ পৃষ্ঠা ;
|b চিএ :
|c ২২ সে.মি.
|
| 500 |
|
|
|a Novel
|
| 526 |
|
|
|a AAL
|
| 541 |
|
|
|a Adorn Publication
|e 32992
|
| 600 |
|
|
|a Bandyopadhyay, Manik
|d 1908-1956
|9 25500
|
| 651 |
|
|
|a Bangladesh
|x Fiction
|9 25501
|
| 700 |
|
|
|a আনিসুজ্জামান
|9 25502
|
| 852 |
|
|
|a Ayesha Abed Library
|c General Stacks
|
| 942 |
|
|
|2 ddc
|c BK
|
| 952 |
|
|
|0 0
|1 0
|2 ddc
|4 0
|6 891_443710000000000_BAN
|7 0
|9 63142
|a BRACUL
|b BRACUL
|c GEN
|d 2018-04-11
|e Adorn Publication
|g 112.00
|l 21
|m 103
|o 891.44371 BAN
|p 3010032992
|r 2026-05-11
|s 2026-02-26
|t 1
|v 160.00
|w 2018-04-11
|y BK
|